[Event "OP-2014-0-03467"]
[Site "LSS email"]
[Date "2014.08.13"]
[Round "?"]
[White "Csoma, Balint"]
[Black "Huseby, Juan Carlos"]
[Result "1-0"]
[WhiteElo "1023"]
[BlackElo "445"]
[PlyCount "51"]
[EventDate "2014.08.09"]
[EventType "tourn (corr)"]
[EventRounds "4"]
[EventCountry "GER"]
[SourceTitle "Corr 2015"]
[Source "ChessBase"]
[SourceDate "2015.07.17"]
[SourceVersion "1"]
[SourceVersionDate "2015.07.17"]
[SourceQuality "1"]

1. Nf3 b6 2. b3 Bb7 3. Bb2 Bxf3 4. exf3 f6 5. d4 d5 6. Bd3 Nd7 7. f4 e5 8. fxe5 Bb4+ 9. c3 Be7 10. f4 g6 11. Nd2 f5 12. Qf3 c6 13. 0-0 Nh6 14. Qh3 Ng4 15. Be2 Bh4 16. Bxg4 h5 17. Bf3 Nf8 18. g3 Ne6 19. Qxh4 g5 20. fxg5 Nxg5 21. Bxh5+ Kd7 22. Rxf5 Rg8 23. Kh1 Nf3 24. Nxf3 Qxh4 25. Nxh4 Raf8 26. Raf1 1-0

[Event "SF-2014-0-00246"]
[Site "LSS email"]
[Date "2014.08.13"]
[Round "?"]
[White "Csoma, Balint"]
[Black "Mueller Toepler, Michael"]
[Result "0-1"]
[WhiteElo "1092"]
[BlackElo "1693"]
[PlyCount "40"]
[EventDate "2014.07.22"]
[EventType "tourn (corr)"]
[EventRounds "6"]
[EventCountry "GER"]
[SourceTitle "Corr 2022"]
[Source "ChessBase"]
[SourceDate "2021.10.24"]
[SourceVersion "1"]
[SourceVersionDate "2021.10.24"]
[SourceQuality "1"]

1. Nf3 Nf6 2. d3 Nc6 3. Nc3 d5 4. d4 e6 5. e3 Bd7 6. Be2 Ne4 7. Nxe4 dxe4 8. Nd2 Qg5 9. 0-0 f5 10. Nb3 0-0-0 11. f4 Qh6 12. a4 g5 13. a5 gxf4 14. exf4 Be7 15. a6 b6 16. c4 Rhg8 17. c5 Qh3 18. g3 Rxg3+ 19. hxg3 Qxg3+ 20. Kh1 Rg8 0-1